|
|
|
|
| LEADER |
01384nam a2200301 a 4500 |
| 001 |
14254172 |
| 008 |
091209s1995 bg bs 100 0 eng d |
| 010 |
|
|
|a 2006345228
|
| 040 |
|
|
|a DLC
|c DLC
|
| 082 |
0 |
0 |
|a 331.48395492
|2 21
|
| 111 |
2 |
|
|a National Workshop on Gender Issues in Agriculture
|d (1994 :
|c Dhaka, Bangladesh)
|
| 245 |
1 |
0 |
|a Gender issues in agriculture :
|b proceedings of a national workshop 23-26 October 1994 /
|c editors, Nizam U. Ahmed, M.A. Hamid.
|
| 250 |
|
|
|a 1st ed.
|
| 260 |
|
|
|a Dhaka :
|b Bangladesh Agricultural Research Council,
|c 1995.
|
| 300 |
|
|
|a xii, 267 p. ;
|c 24 cm.
|
| 500 |
|
|
|a Organized by Bangladesh Agricultural Research Council through its Gender Research and Training Project.
|
| 500 |
|
|
|a Includes statistical tables.
|
| 504 |
|
|
|a Includes bibliographical references.
|
| 541 |
1 |
|
|e 00005445
|
| 650 |
|
0 |
|a Women in agriculture
|z Bangladesh
|v Congresses.
|
| 650 |
|
0 |
|a Sex discrimination against women
|z Bangladesh
|v Congresses.
|
| 700 |
1 |
|
|a Ahmed, Nizam U.
|
| 700 |
1 |
|
|a Hamid, Mohammad Abdul.
|
| 710 |
2 |
|
|a Bāṃlādeśa Kr̥shi Gabeshaṇā Kāunsila.
|
| 710 |
2 |
|
|a Gender Research and Training Project.
|
| 852 |
4 |
|
|a Ayesha Abed Library
|j General shelf
|
| 999 |
|
|
|c 6102
|d 6102
|
| 952 |
|
|
|0 0
|1 0
|2 ddc
|4 0
|6 331_483954920000000_GEN_1995
|7 0
|9 6089
|a BRACUL
|b BRACUL
|c GEN
|d 2009-12-15
|g 150.00
|l 0
|o 331.48395492 GEN
|p 3010005445
|r 2009-12-15
|t 1
|w 2009-12-15
|y BK
|